000 00628nam a2200181 i 4500
001 63838
003 ES-MaACL
005 20230906165000.0
007 t|
008 031217s1910 sp ||||1| spa d
100 1 _aRomanones, Álvaro de Figueroa y Torres,
_cConde de,
_d1863-1950
_999264
245 1 4 _aLas ruinas de Termes :
_bapuntes arqueológicos descriptivos /
_cpor el conde de Romanones.
260 _aMadrid :
_b[s.n.],
_c1910 (
_fEst. tip. Pontejos)
300 _a29 p., 6 lám., 1 plano ;
_c27 cm.
651 4 _aTiermes (Ciudad desaparecida)
_9165242
852 _aES-MaACL
_jT-1187-F-6
999 _c63838
_d63838